Cartes Wankul - Saison 1 - Statistiques

Statistiques générales
  • Ce quiz a été pris 38 fois
  • Le résultat moyen est 23 sur 180
Statistiques - réponses
Hint Réponse % Correct
149 | 179 Laink
93%
150 | 180 Terracid
93%
108 | 163 Mastu
46%
88 | 160 Amixem
43%
56 Laink cuisinier
39%
57 Terracid cuisinier
39%
117 Potatoz
32%
126 Prostituée
32%
148 | 178 Martine
29%
99 | 159 Gotaga
25%
122 Hugo délire
25%
58 Laink bébé
25%
89 | 161 Laink pirate
25%
112 | 153 Laink policier
25%
87 | 168 Seb
25%
59 Terracid bébé
25%
90 | 162 Terracid pirate
25%
113 | 154 Terracid policier
25%
84 | 166 Terro
25%
47 Chien
21%
48 Cochon
21%
64 Laink chevalier
21%
114 Obèse
21%
65 Terracid chevalier
21%
60 Chasseur
18%
94 Doc
18%
98 Fangirl
18%
157 Fromager
18%
86 | 167 Joueur du grenier
18%
121 Roi
18%
50 | 158 Charcutier
14%
97 Fanboy
14%
7 Golf
14%
78 Laink mort-vivant
14%
68 Laink pompier
14%
106 | 155 Laink sel
14%
35 Laink vendeur
14%
79 Terracid mort-vivant
14%
69 Terracid pompier
14%
107 | 156 Terracid sel
14%
36 Terracid vendeur
14%
83 | 165 CT
11%
109 Deotoons
11%
8 Dust 2
11%
119 Feldup
11%
33 Laink camionneur
11%
110 | 151 Laink cowboy
11%
52 Laink débile
11%
31 Laink garagiste
11%
54 Laink paysan
11%
66 Laink peintre
11%
124 Laink princesse
11%
72 Laink SDF
11%
70 Laink sorcier
11%
102 Laink steve
11%
145 Samouraï
11%
81 Spiderlaink
11%
34 Terracid camionneur
11%
111 | 152 Terracid cowboy
11%
53 Terracid débile
11%
32 Terracid garagiste
11%
55 Terracid paysan
11%
67 Terracid peintre
11%
125 Terracid princesse
11%
73 Terracid SDF
11%
71 Terracid sorcier
11%
103 Terracid steve
11%
123 Xari
11%
131 Cyberlaink
7%
132 Cyber terra
7%
136 Dresseur
7%
118 Jiraya
7%
14 La ferme
7%
39 Laink astronaute
7%
41 Laink boxeur
7%
45 Laink fermier
7%
43 Laink infecté
7%
91 Laink semi-homme
7%
137 | 173 Laink survivant
7%
74 Laink touriste
7%
61 Pilote d'avion
7%
2 Portal
7%
134 | 176 Richard Flantier
7%
5 Rust
7%
146 Sage japonais
7%
115 Singe
7%
40 Terracid astronaute
7%
42 Terracid boxeur
7%
46 Terracid fermier
7%
44 Terracid infecté
7%
92 Terracid semi-homme
7%
138 | 174 Terracid survivant
7%
75 Terracid touriste
7%
28 Uretus
7%
13 Village
7%
139 | 169 Wicromania
7%
26 Agrou
4%
37 Annabelle
4%
104 Apprentie sorcière
4%
100 Billy bonhomme de neige
4%
85 Clown tueur
4%
135 Dresseuse
4%
105 Elfe
4%
116 Enquêteur
4%
12 FNAF
4%
128 | 164 G cramé
4%
101 Gremlin
4%
6 Il fait pas chaud
4%
133 | 175 Jacques Flantier
4%
147 | 177 Jeanine
4%
10 La F.A.Q
4%
62 Laink agrou
4%
76 Laink employé Wcdo
4%
143 Laink professeur
4%
23 Manoir
4%
17 Moria
4%
11 Musée
4%
1 Navire pirate
4%
3 Quantum
4%
21 Ravenholm
4%
4 Rocket Field
4%
15 Socisseau factory
4%
9 Space factory
4%
18 Tchernobyl
4%
63 Terracid agrou
4%
77 Terracid employé Wcdo
4%
144 Terracid professeur
4%
82 Thorracid
4%
20 Tranchées
4%
16 Trou du monde
4%
19 Valheim
4%
142 | 172 André Rondin
0%
24 Barrage
0%
120 Bretonne bigoudene
0%
51 Businessman
0%
25 Chernogorsk
0%
30 Convention
0%
127 Fée
0%
49 Fomager
0%
27 Garage
0%
38 Grudge
0%
95 Laink vielle
0%
93 Mathie
0%
130 Moine
0%
141 | 171 Pierre Rondin
0%
80 Soldat romain
0%
129 Superconeri
0%
96 Terracid vielle
0%
22 Urban
0%
140 | 170 Voyant
0%
29 Wankil Show
0%
Aucun quiz correspondant
Distribution des résultats
% des personnes avec chaque résultat
Percentile par nombre de réponses
Votre historique - résultats
Vous n’avez pas pris ce quiz